Về hình phạt tử hình trong luật hình sự Việt Nam : Sách tham khảo

Giới thiệu những vấn đề lý luận chung về hình phạt tử hình trong luật hình sự Vệt Nam, các quy định của luật hình sự Việt Nam về hình phạt tử hình, phân tích thực trạng áp dụng hình phạt tử hình ở nước ta và các giải pháp nhằm nâng...

詳細記述

保存先:
書誌詳細
第一著者: Phạm, Văn Beo
フォーマット: 図書
言語:Undetermined
出版事項: Hà Nội Chính trị Quốc gia 2010
主題:
タグ: タグ追加
タグなし, このレコードへの初めてのタグを付けませんか!
Thư viện lưu trữ: Trung tâm Học liệu Trường Đại học Cần Thơ
LEADER 01121nam a2200229Ia 4500
001 CTU_173852
008 210402s9999 xx 000 0 und d
020 |c 32000 
082 |a 345.0773 
082 |b B205 
100 |a Phạm, Văn Beo 
245 0 |a Về hình phạt tử hình trong luật hình sự Việt Nam : 
245 0 |b Sách tham khảo 
245 0 |c Phạm Văn Beo 
260 |a Hà Nội 
260 |b Chính trị Quốc gia 
260 |c 2010 
520 |a Giới thiệu những vấn đề lý luận chung về hình phạt tử hình trong luật hình sự Vệt Nam, các quy định của luật hình sự Việt Nam về hình phạt tử hình, phân tích thực trạng áp dụng hình phạt tử hình ở nước ta và các giải pháp nhằm nâng cao hiệu quả của hìnhp hạt tử hình 
650 |a Criminal Laws,Luật hình sự 
650 |z Vietnam,Việt Nam 
904 |i Nguyễn Trung Hiếu, Hải 
980 |a Trung tâm Học liệu Trường Đại học Cần Thơ